Active listening Quizzes and tests audio CD Level 2
Spremljeno u:
| Glavni autor: | |
|---|---|
| Daljnji autori: | |
| Format: | Knjiga |
| Jezik: | English |
| Izdano: |
Cambridge [England] New York
Cambridge University Press
2007.
|
| Izdanje: | 2nd ed. |
| Teme: | |
| Oznake: |
Dodaj oznaku
Bez oznaka, Budi prvi tko označuje ovaj zapis!
|
| Thư viện lưu trữ: | Trung tâm Học liệu Lê Vũ Hùng, Trường Đại học Đồng Tháp |
|---|
| LEADER | 01677pmm a22002898a 4500 | ||
|---|---|---|---|
| 001 | 00030243 | ||
| 005 | 20171026081022.0 | ||
| 008 | 130103s2007 ||||||engsd | ||
| 020 | # | # | |a 9780521678186 |
| 041 | 0 | # | |a eng |
| 082 | 1 | 4 | |a 428 |b A101L |
| 100 | 1 | # | |a Brown, Steven, |d 1952- |
| 245 | 1 | 0 | |a Active listening |b Quizzes and tests audio CD Level 2 |c Steven Brown, Dorolyn Smith. |h nguồn liệu điện tử] |
| 250 | # | # | |a 2nd ed. |
| 260 | # | # | |a Cambridge [England] |a New York |b Cambridge University Press |c 2007. |
| 300 | # | # | |a 1 CD ROM |c 4 3/4 in. |e sách |
| 653 | # | # | |a Kỹ năng nghe |
| 653 | # | # | |a Listening |
| 653 | # | # | |a Tiếng Anh |
| 653 | # | # | |a Đĩa CD |
| 700 | 1 | # | |a Smith, Dorolyn. |
| 852 | # | # | |b Kho đa phương tiện |j DPT.0000276, DPT.0000406, DPT.0001526, DPT.0001527, DPT.0001528, DPT.0001529, DPT.0001530, DPT.0001531, DPT.0001532, DPT.0001533, DPT.0001534, DPT.0001535, DPT.0001536, DPT.0001537, DPT.0001538, DPT.0001539, DPT.0001540, DPT.0001541, DPT.0001542, DPT.0001543, DPT.0001544, DPT.0001545, DPT.0001546, DPT.0001547, DPT.0001548, DPT.0001549, DPT.0001550, DPT.0001551, DPT.0001552, DPT.0001553 |
| 852 | # | # | |j DPT.0000406 |j DPT.0000276 |j DPT.0001526 |j DPT.0001527 |j DPT.0001529 |j DPT.0001530 |j DPT.0001531 |j DPT.0001532 |j DPT.0001534 |j DPT.0001535 |j DPT.0001537 |j DPT.0001538 |j DPT.0001540 |j DPT.0001541 |j DPT.0001543 |j DPT.0001544 |j DPT.0001546 |j DPT.0001547 |j DPT.0001549 |j DPT.0001550 |j DPT.0001552 |j DPT.0001553 |j DPT.0001528 |j DPT.0001533 |j DPT.0001536 |j DPT.0001539 |j DPT.0001542 |j DPT.0001545 |j DPT.0001548 |j DPT.0001551 |
| 910 | |d 03/01/2013 | ||
| 980 | # | # | |a Trung tâm Học liệu Lê Vũ Hùng, Trường Đại học Đồng Tháp |


